1356 1214 1987 1519 1626 1476 1712 1271 1229 1500 1138 1946 1565 1435 1089 1414 1996 1741 1677 1065 1962 1891 1519 1064 1547 1624 1113 1501 1770 1240 1436 1305 1281 1413 1306 1262 1019 1940 1314 1286 1568 1546 1480 1360 1983 1108 1253 1849 1459 1494 1741 1032 1909 1297 1976 1083 1493 1226 1677 1222 1185 1077 1745 1975 1188 1969 1224 1689 1974 1356 1570 1493 1069 1035 1305 1405 1589 1930 1409 1537 1372 1527 1507 1729 1201 1429 1524 1835 1641 1340 1128 1436 1227 1050 1270 1235 1093 1238 1978 BCNSPRNW ULIB Ver.6.0+V

เปลี่ยนเป็นภาษาไทย

Change to English
 แสดงรายละเอียดบรรณานุกรม
  กลับหน้าหลัก

Brief Record : Get Marc (ISO 2709) : E-mail record : QR code < ปิดหน้าต่าง
LEADER : 00000nam 2200000uu 4500
001    13399111432
003     ULIB
008    110624s||||||||th 000 0 tha d
050  4 BQ4190^bพ346ป 2552
100 0  พระปราโมทย์ ปาโมชฺโช
245 10 ประมวลธรรมเทศนาของหลวงพ่อปราโมทย์ ปาโมชฺโช /^cรวบรวมโดย สุรพล สายพานิช และคณะ
250    พิมพ์ครั้งที่ 2
260    กรุงเทพฯ :^bธรรมดา,^c2552
300    637 หน้า :^bแผนที่ ;^c27 ซม.
500    พิมพ์ครั้งที่ 4 ปี พ.ศ. 2552
500    LISI มีพิมพ์ครั้งที่ 6 (2552)
505 2  วัตถุประสงค์ เป้าหมาย และวิธีการปฏิบัติของชาวพุทธ --อริยสัจและวิธีรู้แจ้งอริยสัจ -- ปฏิจจสมุปบาท -- บทเรียนที่พระพุทธเจ้าสอนมี 3 บท ชื่อไตรสิกขา -- วิธีการภาวนาแบบง่าย -- สมถะและวิปัสสนา --วิธีทำจิตให้ตั้งมั่น มีสัมมาสมาธิ -- หัวใจของการภาวนา -- ผู้ปฏิบัติเกือบทั้งหมดที่ทำพลาด เพราะไม่มีสัมมาสมาธิ -- จิตที่เป็นกุศลบางดวงมีปัญญา บางดวงไม่มีปัญญา -- เวลารู้สภาวะอย่าถลำลงไปรู้ -- การภาวนาที่ผิด -- วิธีดูพัฒนาการของตัวเอง -- โยนิโสมนสิการ -- ตอนตื่นนอนเป็นนาทีทองของการปฏิบัติ
650  7 ธรรมะ
650  7 พุทธศาสนา
650  7 การปฏิบัติธรรม
650  7 ธรรมเทศนา
700 0  สุรพล สายพานิช,^eผู้รวบรวม
945    ^p0^l0^i028750
995    ทศพร
999 ^a ใช้งานได้ทุกระบบ
รายการนี้ยังไม่มีแท็ก
คุณยังไม่ได้ล็อกอิน คุณสามารถมีกิจกรรมร่วมกับเว็บไซต์ได้ แต่ต้องล็อกอินก่อน ::
  ล็อกอิน

รายการสื่อสารสนเทศ

ลำดับที่ ประเภท เลขเรียก/บาร์โค้ด สถานที่ สถานะ
- ไม่พบข้อมูล -

รายการใกล้เคียง
    ผู้แต่ง [พระปราโมทย์ ปาโมชฺโช]

    หัวเรื่อง [ธรรมะ]
    หัวเรื่อง [พุทธศาสนา]
    หัวเรื่อง [การปฏิบัติธรรม]
    หัวเรื่อง [ธรรมเทศนา]

BibComment


ยังไม่เคยถูกคอมเมนท์

คอมเมนท์ทรัพยากรรายการนี้
  คอมเมนท์: ประมวลธรรมเทศนาขอ..


 Copyright 2026. Bcnsprnw @Library